The rise and decline of nations (Record no. 109520)

MARC details
000 -LEADER
campo de control de longitud fija 00594nam a2200193 4500
001 - NÚMERO DE CONTROL
campo de control 109520
003 - IDENTIFICADOR DE NÚMERO DE CONTROL
campo de control ES-MaACL
005 - FECHA Y HORA DE LA ÚLTIMA TRANSACCIÓN
campo de control 20230906184846.0
007 - CAMPO FIJO DE DESCRIPCIÓN FÍSICA--INFORMACIÓN GENERAL
campo de control de longitud fija t|
008 - DATOS DE LONGITUD FIJA--INFORMACIÓN GENERAL
campo de control de longitud fija 061121s1982 xxu r ||||1| eng d
020 ## - NÚMERO INTERNACIONAL ESTÁNDAR DEL LIBRO
Número Internacional Estándar del Libro 0-300-03079-7
100 1# - ENTRADA PRINCIPAL--NOMBRE DE PERSONA
Nombre de persona Olson, Mancur.
9 (RLIN) 87015
245 14 - MENCIÓN DEL TÍTULO
Título The rise and decline of nations
Resto del título : economic growth, stagflation, and social rigidities /
Mención de responsabilidad, etc. Mancur Olson.
260 ## - PUBLICACIÓN, DISTRIBUCIÓN, ETC.
Lugar de publicación, distribución, etc. New Haven (USA) :
Nombre del editor, distribuidor, etc. Yale University Press,
Fecha de publicación, distribución, etc. cop. 1982.
300 ## - DESCRIPCIÓN FÍSICA
Extensión XI, 273 p. ;
Dimensiones 21 cm.
500 ## - NOTA GENERAL
Nota general Indice.
504 ## - NOTA DE BIBLIOGRAFÍA, ETC.
Nota de bibliografía, etc. Bibliografía.
852 ## - LOCALIZACIÓN
Ubicación ES-MaACL
Número de control de estantería L-12324
Sublocalización o colección R.114826
Holdings
Estatus retirado Estado de pérdida Estado de daño No para préstamo Biblioteca de origen Biblioteca actual Ubicación en estantería Fecha de adquisición Fuente de adquisición Total de préstamos Signatura topográfica completa Código de barras Visto por última vez Precio de reemplazo Tipo de ítem Koha
        Biblioteca del Ateneo de Madrid Biblioteca del Ateneo de Madrid Depósito 2 17/01/2008     L-12324 1114272 23/02/2023 23/02/2023 Libro impreso